Online
Catalog

El fin de la era del petróleo y su impacto sobre la economía mundial : (Record no. 2726)

MARC details
000 -CABECERA
campo de control de longitud fija 00926nam a2200241 u 4500
001 - NÚMERO DE CONTROL
campo de control 000002892
005 - FECHA Y HORA DE LA ÚLTIMA TRANSACCIÓN
campo de control 20200929150258.0
008 - DATOS DE LONGITUD FIJA--INFORMACIÓN GENERAL
campo de control de longitud fija 090704s1981 dr a r 000 0 spa d
040 ## - FUENTE DE LA CATALOGACIÓN
Centro catalogador/agencia de origen DO-SdBNP
Lengua de catalogación spa
Centro/agencia transcriptor BNPHU
082 ## - NÚMERO DE LA CLASIFICACIÓN DECIMAL DEWEY
Número de clasificación 338.476665
Número de documento/Ítem V648f
100 1# - ENTRADA PRINCIPAL--NOMBRE DE PERSONA
Nombre de persona Vidal, Máximo Luis
9 (RLIN) 9188
245 13 - MENCIÓN DE TÍTULO
Título El fin de la era del petróleo y su impacto sobre la economía mundial :
Resto del título con especial énfasis sobre la economía de la República Dominicana /
Mención de responsabilidad, etc. Máximo Luis Vidal.
260 ## - PUBLICACIÓN, DISTRIBUCIÓN, ETC.
Lugar de publicación, distribución, etc. San Pedro de Macorís :
Nombre del editor, distribuidor, etc. Universidad Central del Este,
Fecha de publicación, distribución, etc. 1981.
300 ## - DESCRIPCIÓN FÍSICA
Extensión 103p
-- il
-- 20cm.
490 1# - MENCIÓN DE SERIE
Mención de serie Científica ;
Designación de volumen o secuencia 11
500 ## - NOTA GENERAL
Nota general Bibliografía: p. 102-103
590 ## - NOTA LOCAL (RLIN)
Nota local Inventariado,2018/DG
650 #4 - PUNTO DE ACCESO ADICIONAL DE MATERIA--TÉRMINO DE MATERIA
Término de materia o nombre geográfico como elemento de entrada Industria del petróleo
9 (RLIN) 9189
650 #4 - PUNTO DE ACCESO ADICIONAL DE MATERIA--TÉRMINO DE MATERIA
Término de materia o nombre geográfico como elemento de entrada Recursos energeticos renovables
9 (RLIN) 9190
650 #4 - PUNTO DE ACCESO ADICIONAL DE MATERIA--TÉRMINO DE MATERIA
Término de materia o nombre geográfico como elemento de entrada Industria del alcohol combustible
9 (RLIN) 9191
830 #0 - PUNTO DE ACCESO ADICIONAL DE SERIE-TÍTULO UNIFORME
Título uniforme Serie científica ;
Número de parte o sección de la obra 11
9 (RLIN) 9192
910 ## - DATOS DE OPCIÓN DEL USUARIO (OCLC)
Datos de opción del usuario Validado. Control de calidad MFF
Holdings
Estado de retiro Estado de pérdida No para préstamo Código de colección Localización permanente Ubicación/localización actual Ubicación en estantería Fecha de adquisición Fuente de adquisición Número de inventario Total de préstamos Signatura topográfica completa Código de barras Fecha visto por última vez Precio válido a partir de Tipo de ítem Koha Número de copia
    Excluido de préstamo Patrimonio Dominicano Patrimonio Dominicano Patrimonio Dominicano Depósito 04.07.2009 020618 LF1   338.476665 V648f 2892-10 25.06.2020 25.06.2020 Libro y Folleto Colección Patrimonio Dominicano  
    Excluido de préstamo Patrimonio Dominicano Patrimonio Dominicano Patrimonio Dominicano Depósito 04.07.2009 025609 LF1   338.476665 V648f 2892-20 25.06.2020 25.06.2020 Libro y Folleto Colección Patrimonio Dominicano e. 2

Powered by Koha